Development of signaling system NO. 7 Protocol analyzer / (Record no. 184025)

000 -LEADER
fixed length control field 00737 a2200193 4500
003 - CONTROL NUMBER IDENTIFIER
control field NUST
005 - DATE AND TIME OF LATEST TRANSACTION
control field 20251121182034.0
040 ## - CATALOGING SOURCE
Transcribing agency Nust
082 ## - DEWEY DECIMAL CLASSIFICATION NUMBER
Classification number 621.382,IDR
100 ## - MAIN ENTRY--PERSONAL NAME
Personal name Idrees , CSUO Fahad (TCC-17)
9 (RLIN) 131994
245 ## - TITLE STATEMENT
Title Development of signaling system NO. 7 Protocol analyzer /
Statement of responsibility, etc. CSUO Fahad Idrees, NC Mohammad Naeem Adil, PC Suleman Khalid and GC M. Ali Sabahat.
260 ## - PUBLICATION, DISTRIBUTION, ETC.
Place of publication, distribution, etc. Rawalpindi
Name of publisher, distributor, etc. MCS (NUST)
Date of publication, distribution, etc. 2009
300 ## - PHYSICAL DESCRIPTION
Extent 74 p.;
505 ## - FORMATTED CONTENTS NOTE
Formatted contents note Introduction (Page-1), Literature review (Page-5), Results (Page-29), Discussion (Page-41), Conclusion (Page-50), References (Page-64).
650 ## - SUBJECT ADDED ENTRY--TOPICAL TERM
Topical term or geographic name entry element UG Projects
9 (RLIN) 98716
651 ## - SUBJECT ADDED ENTRY--GEOGRAPHIC NAME
Geographic name TCC-17B
9 (RLIN) 131348
700 ## - ADDED ENTRY--PERSONAL NAME
Personal name Supervised by Lt Col Javed Hussain
9 (RLIN) 131995
942 ## - ADDED ENTRY ELEMENTS (KOHA)
Koha item type Project Report
Source of classification or shelving scheme
Holdings
Withdrawn status Lost status Source of classification or shelving scheme Damaged status Not for loan Permanent Location Current Location Shelving location Date acquired Full call number Barcode Date last seen Price effective from Koha item type Public note
          Military College of Signals (MCS) Military College of Signals (MCS) Reference 12/12/2016 621.382,IDR MCSPTC-112 12/08/2016 12/12/2016 Project Report Almirah No. 94, Shelf No. 3
© 2023 Central Library, National University of Sciences and Technology. All Rights Reserved.